Name Every Block and Item Added in Minecraft 1.21 - Statistics

General Stats
  • This quiz has been taken 8 times
  • The average score is 17 of 41
Answer Stats
Answer % Correct
Breeze Rod
100%
Heavy Core
100%
Copper Door
83%
Copper Grate
83%
Mace
83%
Potion of Oozing
83%
Breeze Spawn Egg
67%
Copper Bulb
67%
Copper Trapdoor
67%
Potion of Infestation
67%
Trial Key
67%
Tuff Stairs
67%
Tuff Wall
67%
Vault
67%
Wind Charge
67%
Chiseled Tuff
50%
Ominous Trial Key
50%
Potion of Weaving
50%
Tuff Bricks
50%
Tuff Slab
50%
Bogged Spawn Egg
33%
Chiseled Copper
33%
Ominous Bottle
33%
Ominous Vault
33%
Polished Tuff
33%
Trial Spawner
33%
Arrow of Infestation
17%
Arrow of Oozing
17%
Bolt Armor Trim / Flow Armor Trim
17%
Crafter
17%
Ominous Trial Spawner
17%
Potion of Wind Charging
17%
Arrow of Weaving
0%
Arrow of Wind Charging
0%
Creator Music Box
0%
Flow Banner Pattern
0%
Guster Banner Pattern
0%
New Paintings
0%
Pottery Sherds
0%
Precipice Music Disc / Creator Music Disc
0%
Trial Explorer Map
0%
No matching quizzes found
Score Distribution
Percent of People with Each Score
Percentile by Number Answered
Your Score History
You have not taken this quiz